[Event "17. Obert Pobla de Lillet 2007"]
[Site "La Pobla de Lillet ESP"]
[Date "2007.08.06"]
[Round "5.2"]
[White "Kogan, Artur"]
[Black "Movsziszian, Karen"]
[Result "1/2-1/2"]
[WhiteElo "2569"]
[BlackElo "2534"]
[PlyCount "37"]
[EventDate "2007.08.02"]
[EventType "swiss"]
[EventRounds "9"]
[EventCountry "ESP"]
[SourceTitle "Ajedrez en Madrid"]
[Source "lmi"]
[SourceDate "2007.08.02"]
[SourceVersion "1"]
[SourceVersionDate "2020.06.30"]
[SourceQuality "1"]

1. e4 c5 2. Nf3 d6 3. d4 cxd4 4. Nxd4 Nf6 5. Nc3 a6 6. Bc4 e6 7. Bb3 Nbd7 8.
Bg5 Qa5 9. Qd2 Be7 10. f4 h6 11. Bxf6 Bxf6 12. O-O-O Nc5 13. Kb1 Bd7 14. Rhe1
Qc7 15. Qe3 O-O 16. e5 dxe5 17. fxe5 Be7 18. Qg3 Bc6 19. Bc4 1/2-1/2

[Event "17. Obert Pobla de Lillet 2007"]
[Site "La Pobla de Lillet ESP"]
[Date "2007.08.06"]
[Round "5.3"]
[White "Moser, Eva"]
[Black "Luther, Thomas"]
[Result "1/2-1/2"]
[WhiteElo "2424"]
[BlackElo "2529"]
[PlyCount "22"]
[EventDate "2007.08.02"]
[EventType "swiss"]
[EventRounds "9"]
[EventCountry "ESP"]
[SourceTitle "Ajedrez en Madrid"]
[Source "lmi"]
[SourceDate "2007.08.02"]
[SourceVersion "1"]
[SourceVersionDate "2020.06.30"]
[SourceQuality "1"]

1. e4 e5 2. Bc4 Nf6 3. d3 c6 4. Nf3 d5 5. Bb3 Bb4+ 6. c3 Bd6 7. Nbd2 O-O 8. O-O
Na6 9. Re1 dxe4 10. dxe4 Nc5 11. Bc2 Bc7 1/2-1/2

[Event "17. Obert Pobla de Lillet 2007"]
[Site "La Pobla de Lillet ESP"]
[Date "2007.08.06"]
[Round "5.4"]
[White "Simon Padros, Emili"]
[Black "Wohl, Aleksandar H"]
[Result "0-1"]
[WhiteElo "2221"]
[BlackElo "2423"]
[PlyCount "78"]
[EventDate "2007.08.02"]
[EventType "swiss"]
[EventRounds "9"]
[EventCountry "ESP"]
[SourceTitle "Ajedrez en Madrid"]
[Source "lmi"]
[SourceDate "2007.08.02"]
[SourceVersion "1"]
[SourceVersionDate "2020.06.30"]
[SourceQuality "1"]

1. e4 c5 2. Nf3 Nf6 3. Nc3 d5 4. Bb5+ Bd7 5. e5 Bxb5 6. Nxb5 a6 7. Nc3 Ne4 8.
Ne2 c4 9. O-O e6 10. d3 cxd3 11. cxd3 Nc5 12. Be3 Nc6 13. Rc1 Nd7 14. Qa4 Be7
15. Ned4 Nxd4 16. Bxd4 O-O 17. Rc2 b6 18. Rfc1 Nc5 19. Bxc5 bxc5 20. d4 cxd4
21. Qxd4 Bg5 22. Nxg5 Qxg5 23. f4 Qf5 24. h3 a5 25. Rc3 Rab8 26. g4 Qg6 27. Qf2
h5 28. Rg3 Rb4 29. Rf1 hxg4 30. hxg4 f6 31. f5 Qg5 32. Qg2 fxe5 33. fxe6 Rxf1+
34. Qxf1 Rf4 35. Qb5 Rf8 36. e7 Qc1+ 37. Kg2 Qc2+ 38. Kh3 Qh7+ 39. Kg2 Qe4+ 0-1

[Event "17. Obert Pobla de Lillet 2007"]
[Site "La Pobla de Lillet ESP"]
[Date "2007.08.06"]
[Round "5.5"]
[White "Matnadze, Ana"]
[Black "Codina Feixes, Josep"]
[Result "1-0"]
[WhiteElo "2409"]
[BlackElo "2211"]
[PlyCount "93"]
[EventDate "2007.08.02"]
[EventType "swiss"]
[EventRounds "9"]
[EventCountry "ESP"]
[SourceTitle "Ajedrez en Madrid"]
[Source "lmi"]
[SourceDate "2007.08.02"]
[SourceVersion "1"]
[SourceVersionDate "2020.06.30"]
[SourceQuality "1"]

1. d4 d5 2. c4 e6 3. Nf3 Nf6 4. g3 c6 5. Bg2 Be7 6. O-O O-O 7. Nc3 Nbd7 8. Nd2
b6 9. a4 Bb7 10. e4 dxe4 11. Ndxe4 Nxe4 12. Nxe4 Nf6 13. Be3 Nxe4 14. Bxe4 f5
15. Bg2 Bf6 16. Re1 Re8 17. Qc2 Qc7 18. Rad1 Rad8 19. c5 Rd7 20. Bf4 Qd8 21.
Bd6 g6 22. Qc4 Kf7 23. b4 a6 24. Re3 b5 25. Qa2 bxa4 26. Bf1 Bc8 27. Rxe6 Rxe6
28. Qxe6+ Kg7 29. Qa2 Be7 30. Be5+ Bf6 31. Bd6 Be7 32. Bxe7 Qxe7 33. Qxa4 f4
34. Qxc6 Bb7 35. Qa4 fxg3 36. hxg3 Qe6 37. Bg2 Bxg2 38. Kxg2 Rd5 39. Qb3 Qd7
40. Qf3 Rh5 41. Kg1 Rd5 42. Qe4 Kh8 43. Kg2 Kg7 44. Rd3 Kg8 45. Re3 Rxd4 46. c6
Qd6 47. c7 1-0

[Event "17. Obert Pobla de Lillet 2007"]
[Site "La Pobla de Lillet ESP"]
[Date "2007.08.06"]
[Round "5.6"]
[White "Garcia Miracle, Joan Josep"]
[Black "Asis Gargatagli, Hipolit"]
[Result "0-1"]
[WhiteElo "2082"]
[BlackElo "2374"]
[PlyCount "76"]
[EventDate "2007.08.02"]
[EventType "swiss"]
[EventRounds "9"]
[EventCountry "ESP"]
[SourceTitle "Ajedrez en Madrid"]
[Source "lmi"]
[SourceDate "2007.08.02"]
[SourceVersion "1"]
[SourceVersionDate "2020.06.30"]
[SourceQuality "1"]

1. d4 Nf6 2. Bg5 e6 3. e3 h6 4. Bh4 Be7 5. Bd3 O-O 6. f4 c5 7. Bxf6 Bxf6 8. c3
Nc6 9. Nf3 Qb6 10. Qe2 d6 11. Na3 a6 12. g4 Qd8 13. h4 cxd4 14. exd4 e5 15.
dxe5 Bxg4 16. O-O-O h5 17. exf6 Qxf6 18. Qe4 g6 19. f5 Rfe8 20. Qf4 Rac8 21.
Rde1 Ne5 22. Nxe5 dxe5 23. Qg5 Qxg5+ 24. hxg5 Rcd8 25. Be4 gxf5 26. Bxb7 Kg7
27. Nc4 e4 28. b4 Kg6 29. a4 Re7 30. Bxa6 f4 31. Na5 Re6 32. Bb7 e3 33. Kb2 e2
34. Bg2 f3 35. Bxf3 Bxf3 36. Rhg1 h4 37. Nc4 Rd1 38. Kc2 h3 0-1

[Event "17. Obert Pobla de Lillet 2007"]
[Site "La Pobla de Lillet ESP"]
[Date "2007.08.06"]
[Round "5.7"]
[White "Guramishvili, Sopiko"]
[Black "Barrio Aldea, Fernando"]
[Result "1-0"]
[WhiteElo "2273"]
[BlackElo "2011"]
[PlyCount "69"]
[EventDate "2007.08.02"]
[EventType "swiss"]
[EventRounds "9"]
[EventCountry "ESP"]
[SourceTitle "Ajedrez en Madrid"]
[Source "lmi"]
[SourceDate "2007.08.02"]
[SourceVersion "1"]
[SourceVersionDate "2020.06.30"]
[SourceQuality "1"]

1. d4 Nf6 2. c4 c5 3. d5 b5 4. Nf3 bxc4 5. Nc3 d6 6. e4 g6 7. Bxc4 Bg7 8. O-O
O-O 9. Nd2 Nbd7 10. f4 a6 11. a4 Nb6 12. a5 Nxc4 13. Nxc4 Nd7 14. Qe2 Qc7 15.
Re1 Bd4+ 16. Be3 e5 17. dxe6 fxe6 18. Qf2 e5 19. Nd5 Qb8 20. Qh4 Bb7 21. Ne7+
Kg7 22. f5 Bxe3+ 23. Rxe3 Nf6 24. fxg6 hxg6 25. Nxg6 Kxg6 26. Rg3+ Kf7 27. Rf1
Qd8 28. Qh7+ Ke6 29. Qf5+ Kf7 30. Rg6 Ke8 31. Qe6+ Qe7 32. Nxd6+ Kd8 33. Nxb7+
Qxb7 34. Rgxf6 Rxf6 35. Qxf6+ 1-0

[Event "17. Obert Pobla de Lillet 2007"]
[Site "La Pobla de Lillet ESP"]
[Date "2007.08.06"]
[Round "5.8"]
[White "Garcia Galeote, Lorenzo"]
[Black "Ayza Ballester, Jordi"]
[Result "0-1"]
[WhiteElo "2062"]
[BlackElo "2254"]
[PlyCount "78"]
[EventDate "2007.08.02"]
[EventType "swiss"]
[EventRounds "9"]
[EventCountry "ESP"]
[SourceTitle "Ajedrez en Madrid"]
[Source "lmi"]
[SourceDate "2007.08.02"]
[SourceVersion "1"]
[SourceVersionDate "2020.06.30"]
[SourceQuality "1"]

1. d4 d5 2. Nf3 Nf6 3. Bg5 c5 4. e3 Qb6 5. Nc3 Qxb2 6. Na4 Qb4+ 7. c3 Qa5 8.
Nxc5 Qxc3+ 9. Nd2 Nc6 10. Bb5 e6 11. O-O Be7 12. Bxf6 Bxf6 13. Rc1 Qa5 14. Qa4
Qxa4 15. Nxa4 O-O 16. Nc5 h6 17. Bxc6 bxc6 18. f4 Rb8 19. Rb1 Rb6 20. a4 Be7
21. a5 Rxb1 22. Rxb1 Bxc5 23. dxc5 Ba6 24. Nf3 Rc8 25. Kf2 f6 26. g4 Kf7 27. h4
Bb5 28. Nd4 a6 29. h5 Rc7 30. Rb2 e5 31. Nf5 Ke6 32. Nd6 d4 33. exd4 exd4 34.
Rc2 Kd5 35. Kf3 d3 36. Rc1 Ba4 37. Ne4 Bc2 38. g5 fxg5 39. fxg5 Rf7+ 0-1

[Event "17. Obert Pobla de Lillet 2007"]
[Site "La Pobla de Lillet ESP"]
[Date "2007.08.06"]
[Round "5.9"]
[White "Capellades Subirana, Marc"]
[Black "Kwossek, Georg"]
[Result "1-0"]
[WhiteElo "2112"]
[BlackElo "2029"]
[PlyCount "121"]
[EventDate "2007.08.02"]
[EventType "swiss"]
[EventRounds "9"]
[EventCountry "ESP"]
[SourceTitle "Ajedrez en Madrid"]
[Source "lmi"]
[SourceDate "2007.08.02"]
[SourceVersion "1"]
[SourceVersionDate "2020.06.30"]
[SourceQuality "1"]

1. e4 e5 2. Nf3 d6 3. Bc4 Be7 4. c3 Nf6 5. d3 O-O 6. O-O c6 7. Bb3 Bg4 8. h3
Bxf3 9. Qxf3 d5 10. Nd2 a5 11. Qe2 a4 12. Bc2 dxe4 13. Nxe4 Nxe4 14. Qxe4 Qd5
15. Re1 Qxe4 16. Rxe4 Nd7 17. f4 Bc5+ 18. Kf1 exf4 19. Rxa4 Rxa4 20. Bxa4 Be3
21. Bxe3 fxe3 22. Ke2 Re8 23. Rf1 Nf6 24. Rf3 Nd5 25. Bb3 Rd8 26. Bxd5 Rxd5 27.
Rxe3 Kf8 28. Re4 f5 29. Rb4 b5 30. a4 bxa4 31. Rxa4 Kf7 32. Ra7+ Kf6 33. Ra6
Rd6 34. b4 g5 35. c4 Ke5 36. Ke3 f4+ 37. Kd2 h5 38. Ra5+ Kf6 39. h4 gxh4 40.
Rxh5 h3 41. Rxh3 Kg5 42. Rh8 Kg4 43. Rg8+ Kf5 44. g4+ fxg3 45. Rxg3 Kf4 46. Rg8
Rh6 47. Re8 Rd6 48. Kc3 Rh6 49. b5 cxb5 50. cxb5 Rh1 51. Re4+ Kf5 52. b6 Rh8
53. b7 Rb8 54. Rb4 Ke5 55. Kc4 Kd6 56. Rb6+ Kc7 57. Kc5 Kd7 58. Kb5 Kc7 59. Ka6
Rf8 60. Ka7 Re8 61. b8=Q+ 1-0

[Event "17. Obert Pobla de Lillet 2007"]
[Site "La Pobla de Lillet ESP"]
[Date "2007.08.06"]
[Round "5.10"]
[White "Reynes Gonzalez, Miguel"]
[Black "Del Valle Cirera, Adria"]
[Result "1-0"]
[WhiteElo "1949"]
[BlackElo "2072"]
[PlyCount "55"]
[EventDate "2007.08.02"]
[EventType "swiss"]
[EventRounds "9"]
[EventCountry "ESP"]
[SourceTitle "Ajedrez en Madrid"]
[Source "lmi"]
[SourceDate "2007.08.02"]
[SourceVersion "1"]
[SourceVersionDate "2020.06.30"]
[SourceQuality "1"]

1. e4 e5 2. Nf3 Nc6 3. Bb5 a6 4. Ba4 Nf6 5. Qe2 b5 6. Bb3 Bc5 7. c3 d6 8. d3 h6
9. h3 Be6 10. Bc2 O-O 11. O-O Re8 12. Rd1 d5 13. d4 exd4 14. e5 d3 15. Qxd3 Ne4
16. Be3 Bxe3 17. Qxe3 Ng5 18. Nd4 Nxd4 19. cxd4 Nh7 20. Nd2 Nf8 21. Nb3 f5 22.
Nc5 Qe7 23. Bd3 Nd7 24. Rac1 Nxc5 25. Rxc5 Qd7 26. Rdc1 c6 27. Rxc6 Rec8 28.
R6c5 1-0

[Event "17. Obert Pobla de Lillet 2007"]
[Site "La Pobla de Lillet ESP"]
[Date "2007.08.07"]
[Round "6.1"]
[White "Mirzoev, Azer"]
[Black "Kogan, Artur"]
[Result "1/2-1/2"]
[WhiteElo "2551"]
[BlackElo "2569"]
[PlyCount "56"]
[EventDate "2007.08.02"]
[EventType "swiss"]
[EventRounds "9"]
[EventCountry "ESP"]
[SourceTitle "Ajedrez en Madrid"]
[Source "lmi"]
[SourceDate "2007.08.02"]
[SourceVersion "1"]
[SourceVersionDate "2020.06.30"]
[SourceQuality "1"]

1. d4 Nf6 2. Nf3 g6 3. c4 Bg7 4. Nc3 d5 5. e3 O-O 6. Qb3 e6 7. Be2 Nc6 8. Qa3
a5 9. O-O b6 10. Rd1 Bb7 11. Bd2 dxc4 12. Bxc4 Nb4 13. Rac1 Bxf3 14. gxf3 Ne8
15. Ne4 Nd5 16. f4 Qh4 17. Bf1 f5 18. Ng5 Nef6 19. Be1 Rfe8 20. Qd3 h6 21. Nf3
Qh5 22. Qe2 g5 23. fxg5 hxg5 24. Ne5 g4 25. Bg2 Bf8 26. h3 Re7 27. hxg4 fxg4
28. Bd2 Rh7 1/2-1/2

[Event "17. Obert Pobla de Lillet 2007"]
[Site "La Pobla de Lillet ESP"]
[Date "2007.08.07"]
[Round "6.2"]
[White "Luther, Thomas"]
[Black "Matnadze, Ana"]
[Result "1-0"]
[WhiteElo "2529"]
[BlackElo "2409"]
[PlyCount "89"]
[EventDate "2007.08.02"]
[EventType "swiss"]
[EventRounds "9"]
[EventCountry "ESP"]
[SourceTitle "Ajedrez en Madrid"]
[Source "lmi"]
[SourceDate "2007.08.02"]
[SourceVersion "1"]
[SourceVersionDate "2020.06.30"]
[SourceQuality "1"]

1. e4 c5 2. Nf3 d6 3. d4 cxd4 4. Nxd4 Nf6 5. Nc3 Nc6 6. Bg5 Bd7 7. Be2 Nxd4 8.
Qxd4 Qa5 9. Bxf6 gxf6 10. O-O Rg8 11. Nd5 Bg7 12. Qd3 Qc5 13. b4 Qc6 14. Qe3
Rc8 15. a4 b6 16. Ba6 Rb8 17. Ra3 f5 18. Qg5 f6 19. Qh5+ Kf8 20. Bb5 Be8 21.
Qxe8+ Qxe8 22. Bxe8 Kxe8 23. exf5 Bf8 24. Re3 Kf7 25. f4 Rc8 26. c3 Rg7 27.
Rfe1 Kg8 28. Kf2 h5 29. Kf3 Rc6 30. Rd3 a5 31. b5 Rc5 32. g3 Kf7 33. Re4 Ke8
34. Nxf6+ Kd8 35. Nxh5 Rh7 36. g4 Rxf5 37. gxf5 Rxh5 38. Rc4 Rxh2 39. Rc6 Ra2
40. Rd4 Bg7 41. Rdc4 d5 42. Rc8+ Kd7 43. R4c7+ Kd6 44. Rb7 Rxa4 45. Rc6# 1-0

[Event "17. Obert Pobla de Lillet 2007"]
[Site "La Pobla de Lillet ESP"]
[Date "2007.08.07"]
[Round "6.4"]
[White "Asis Gargatagli, Hipolit"]
[Black "Guramishvili, Sopiko"]
[Result "0-1"]
[WhiteElo "2374"]
[BlackElo "2273"]
[PlyCount "50"]
[EventDate "2007.08.02"]
[EventType "swiss"]
[EventRounds "9"]
[EventCountry "ESP"]
[SourceTitle "Ajedrez en Madrid"]
[Source "lmi"]
[SourceDate "2007.08.02"]
[SourceVersion "1"]
[SourceVersionDate "2020.06.30"]
[SourceQuality "1"]

1. e4 c5 2. Nf3 d6 3. d4 cxd4 4. Nxd4 Nf6 5. Nc3 a6 6. Bc4 e6 7. Bb3 b5 8. Qf3
Qc7 9. Bg5 Nbd7 10. O-O-O b4 11. Bxf6 bxc3 12. e5 d5 13. Bxd5 exd5 14. Qxd5 Qb7
15. Qxb7 Bxb7 16. Bh4 cxb2+ 17. Kb1 Nc5 18. Nf5 Ne4 19. Rd3 g5 20. Bg3 Bc8 21.
Nd6+ Bxd6 22. exd6 Nxg3 23. hxg3 Be6 24. Kxb2 Kd7 25. Rh5 Rab8+ 0-1

[Event "17. Obert Pobla de Lillet 2007"]
[Site "La Pobla de Lillet ESP"]
[Date "2007.08.07"]
[Round "6.5"]
[White "Movsziszian, Karen"]
[Black "Capellades Subirana, Marc"]
[Result "1-0"]
[WhiteElo "2534"]
[BlackElo "2112"]
[PlyCount "80"]
[EventDate "2007.08.02"]
[EventType "swiss"]
[EventRounds "9"]
[EventCountry "ESP"]
[SourceTitle "Ajedrez en Madrid"]
[Source "lmi"]
[SourceDate "2007.08.02"]
[SourceVersion "1"]
[SourceVersionDate "2020.06.30"]
[SourceQuality "1"]

1. e4 e5 2. Nf3 Nc6 3. Bb5 a6 4. Ba4 Bc5 5. O-O d6 6. d4 exd4 7. Nxd4 Bd7 8.
Nf5 Qf6 9. Nc3 Nge7 10. Nxe7 Nxe7 11. Nd5 Nxd5 12. Bxd7+ Kxd7 13. Qxd5 Rab8 14.
Be3 Qe6 15. Qxe6+ Kxe6 16. Bxc5 dxc5 17. Rad1 Rbd8 18. f3 Rd6 19. Rxd6+ cxd6
20. Rd1 Rd8 21. Rd5 b5 22. c3 g6 23. g4 Rf8 24. g5 Rh8 25. h4 h6 26. Kg2 hxg5
27. hxg5 c4 28. Rd1 Rd8 29. Kg3 Rd7 30. Kf4 d5 31. Rd4 Rd6 32. a4 dxe4 33.
Rxd6+ Kxd6 34. Kxe4 f6 35. gxf6 Ke6 36. a5 Kxf6 37. Kd5 Kf5 38. Kc5 Kf4 39. Kb6
Kxf3 40. Kxa6 Ke4 1-0

[Event "17. Obert Pobla de Lillet 2007"]
[Site "La Pobla de Lillet ESP"]
[Date "2007.08.07"]
[Round "6.6"]
[White "Ayza Ballester, Jordi"]
[Black "Moser, Eva"]
[Result "0-1"]
[WhiteElo "2254"]
[BlackElo "2424"]
[PlyCount "108"]
[EventDate "2007.08.02"]
[EventType "swiss"]
[EventRounds "9"]
[EventCountry "ESP"]
[SourceTitle "Ajedrez en Madrid"]
[Source "lmi"]
[SourceDate "2007.08.02"]
[SourceVersion "1"]
[SourceVersionDate "2020.06.30"]
[SourceQuality "1"]

1. e4 c5 2. Nf3 Nc6 3. d4 cxd4 4. Nxd4 e5 5. Nb5 d6 6. c4 Be7 7. N1c3 a6 8. Na3
f5 9. exf5 Bxf5 10. Bd3 Be6 11. O-O Nf6 12. Bg5 O-O 13. Nc2 Qd7 14. Ne3 Kh8 15.
Rc1 Rae8 16. Qd2 Bd8 17. Bb1 Nd4 18. b3 b5 19. Ne2 Bb6 20. Bh4 bxc4 21. Nxc4
Nxe2+ 22. Qxe2 Bd4 23. Ne3 a5 24. Rc2 Nd5 25. Nxd5 Bxd5 26. Rfc1 Qe6 27. Rc7
Qh6 28. Bg3 Bb6 29. R7c2 Bc5 30. Rd1 Bf7 31. Rcc1 Bh5 32. Qe1 Bxd1 33. Rxd1 Bb4
34. Qe4 Re7 35. h3 Ref7 36. Kh2 Bc5 37. f3 Bb4 38. Qc6 Bd2 39. Qd5 Bb4 40. Qc6
Qe3 41. Qc2 g6 42. Qc4 Kg7 43. Be4 Qc5 44. Qe6 Rf6 45. Qe7+ R8f7 46. Qe8 Rf8
47. Qe7+ R6f7 48. Qg5 Qc7 49. h4 Qe7 50. Qg4 Rf4 51. Bxf4 Rxf4 52. Qc8 Rxh4+
53. Kg1 Qa7+ 54. Kf1 Qe3 0-1

[Event "17. Obert Pobla de Lillet 2007"]
[Site "La Pobla de Lillet ESP"]
[Date "2007.08.07"]
[Round "6.7"]
[White "Tarrago Antoni, Maurici"]
[Black "Reynes Gonzalez, Miguel"]
[Result "1-0"]
[WhiteElo "2222"]
[BlackElo "1949"]
[PlyCount "77"]
[EventDate "2007.08.02"]
[EventType "swiss"]
[EventRounds "9"]
[EventCountry "ESP"]
[SourceTitle "Ajedrez en Madrid"]
[Source "lmi"]
[SourceDate "2007.08.02"]
[SourceVersion "1"]
[SourceVersionDate "2020.06.30"]
[SourceQuality "1"]

1. Nf3 Nf6 2. c4 d5 3. e3 e6 4. d4 c6 5. Nbd2 Nbd7 6. Bd3 Bd6 7. O-O O-O 8. e4
dxe4 9. Nxe4 Nxe4 10. Bxe4 c5 11. Bc2 cxd4 12. Qd3 f5 13. Qxd4 Qc7 14. b3 Ne5
15. Ng5 h6 16. Nh3 Nf3+ 17. gxf3 Bxh2+ 18. Kg2 Be5 19. Bf4 Bxd4 20. Bxc7 Bxa1
21. Rxa1 Bd7 22. Nf4 Rac8 23. Bd6 Rfd8 24. c5 a5 25. Ng6 Kf7 26. Ne5+ Kf6 27.
Bd3 Be8 28. Nc4 Bb5 29. a4 Bxc4 30. Bxc4 b6 31. Re1 bxc5 32. Rxe6+ Kf7 33.
Rxh6+ Ke8 34. Rh8+ Kd7 35. Rxd8+ Rxd8 36. Be5 Ke7 37. Bxg7 Kd6 38. Kg3 Rd7 39.
Bc3 1-0

[Event "17. Obert Pobla de Lillet 2007"]
[Site "La Pobla de Lillet ESP"]
[Date "2007.08.07"]
[Round "6.8"]
[White "Simon Padros, Emili"]
[Black "Danelia, Mariam"]
[Result "1/2-1/2"]
[WhiteElo "2221"]
[BlackElo "2066"]
[PlyCount "45"]
[EventDate "2007.08.02"]
[EventType "swiss"]
[EventRounds "9"]
[EventCountry "ESP"]
[SourceTitle "Ajedrez en Madrid"]
[Source "lmi"]
[SourceDate "2007.08.02"]
[SourceVersion "1"]
[SourceVersionDate "2020.06.30"]
[SourceQuality "1"]

1. e4 c5 2. Nc3 d6 3. g3 g6 4. Bg2 Bg7 5. f4 Nc6 6. Nf3 Rb8 7. O-O e6 8. d3
Nge7 9. Bd2 O-O 10. Rb1 b5 11. a3 a5 12. a4 b4 13. Nb5 Ba6 14. c4 e5 15. f5
gxf5 16. Ng5 Bxb5 17. axb5 Nd4 18. exf5 f6 19. Ne4 Nexf5 20. Qg4 Qc8 21. Bh3
Ne7 22. Qxc8 Nxc8 23. Bxc8 1/2-1/2

[Event "17. Obert Pobla de Lillet 2007"]
[Site "La Pobla de Lillet ESP"]
[Date "2007.08.07"]
[Round "6.9"]
[White "Codina Feixes, Josep"]
[Black "Nogue Fajula, Joan"]
[Result "1-0"]
[WhiteElo "2211"]
[BlackElo "2066"]
[PlyCount "49"]
[EventDate "2007.08.02"]
[EventType "swiss"]
[EventRounds "9"]
[EventCountry "ESP"]
[SourceTitle "Ajedrez en Madrid"]
[Source "lmi"]
[SourceDate "2007.08.02"]
[SourceVersion "1"]
[SourceVersionDate "2020.06.30"]
[SourceQuality "1"]

1. d4 Nf6 2. c4 e6 3. Nc3 Bb4 4. a3 Bxc3+ 5. bxc3 b6 6. Bg5 Bb7 7. f3 d6 8. e4
Nbd7 9. Bd3 O-O 10. Ne2 e5 11. O-O c6 12. Ng3 g6 13. Qd2 Qc7 14. f4 exd4 15.
cxd4 Kh8 16. Bh6 Rfe8 17. f5 c5 18. fxg6 fxg6 19. Qg5 Bxe4 20. Bxe4 Nxe4 21.
Nxe4 Rxe4 22. Rf7 Rae8 23. Raf1 Rg8 24. Rxd7 Qxd7 25. Qf6+ 1-0

[Event "17. Obert Pobla de Lillet 2007"]
[Site "La Pobla de Lillet ESP"]
[Date "2007.08.07"]
[Round "6.10"]
[White "Duran Burniol, Joan"]
[Black "Garcia Miracle, Joan Josep"]
[Result "1/2-1/2"]
[WhiteElo "2028"]
[BlackElo "2082"]
[PlyCount "79"]
[EventDate "2007.08.02"]
[EventType "swiss"]
[EventRounds "9"]
[EventCountry "ESP"]
[SourceTitle "Ajedrez en Madrid"]
[Source "lmi"]
[SourceDate "2007.08.02"]
[SourceVersion "1"]
[SourceVersionDate "2020.06.30"]
[SourceQuality "1"]

1. f4 g6 2. Nf3 Bg7 3. e3 d5 4. d4 Nh6 5. Bd3 Bf5 6. Bxf5 Nxf5 7. O-O Nd7 8.
Qe1 Nf6 9. Nbd2 Nd6 10. c3 O-O 11. Qh4 Nf5 12. Qe1 Rc8 13. e4 dxe4 14. Nxe4
Nxe4 15. Qxe4 Nd6 16. Qe2 c5 17. dxc5 Rxc5 18. Be3 Ra5 19. Rfd1 Qc7 20. Bd4
Bxd4+ 21. Rxd4 Nf5 22. Rc4 Qb6+ 23. Qf2 Qd6 24. Qd2 Rd5 25. Qe2 Rd8 26. g3 h5
27. Re1 e6 28. Re4 a6 29. Qf2 b5 30. c4 bxc4 31. Rxc4 Rd3 32. Rc2 Qb4 33. Ree2
Rd1+ 34. Re1 R8d3 35. Rxd1 Rxd1+ 36. Kg2 Nh6 37. Qe2 Qd6 38. Rc8+ Kg7 39. Rc2
Ng4 40. Rd2 1/2-1/2

[Event "17. Obert Pobla de Lillet 2007"]
[Site "La Pobla de Lillet ESP"]
[Date "2007.08.08"]
[Round "7.1"]
[White "Mirzoev, Azer"]
[Black "Luther, Thomas"]
[Result "1/2-1/2"]
[WhiteElo "2551"]
[BlackElo "2529"]
[PlyCount "21"]
[EventDate "2007.08.02"]
[EventType "swiss"]
[EventRounds "9"]
[EventCountry "ESP"]
[SourceTitle "Ajedrez en Madrid"]
[Source "lmi"]
[SourceDate "2007.08.02"]
[SourceVersion "1"]
[SourceVersionDate "2020.06.30"]
[SourceQuality "1"]

1. d4 Nf6 2. c4 e6 3. Nf3 d5 4. e3 a6 5. Nc3 c5 6. dxc5 Bxc5 7. a3 O-O 8. cxd5
exd5 9. Be2 Nc6 10. O-O Ba7 11. Qd3 1/2-1/2

[Event "17. Obert Pobla de Lillet 2007"]
[Site "La Pobla de Lillet ESP"]
[Date "2007.08.08"]
[Round "7.2"]
[White "Nikoladze, Sopio"]
[Black "Movsziszian, Karen"]
[Result "0-1"]
[WhiteElo "2203"]
[BlackElo "2534"]
[PlyCount "96"]
[EventDate "2007.08.02"]
[EventType "swiss"]
[EventRounds "9"]
[EventCountry "ESP"]
[SourceTitle "Ajedrez en Madrid"]
[Source "lmi"]
[SourceDate "2007.08.02"]
[SourceVersion "1"]
[SourceVersionDate "2020.06.30"]
[SourceQuality "1"]

1. d4 Nf6 2. Nf3 g6 3. g3 Bg7 4. Bg2 d6 5. b3 c5 6. O-O O-O 7. Bb2 Na6 8. dxc5
Nxc5 9. c4 a6 10. Nc3 Rb8 11. Nd4 Bd7 12. Nd5 b5 13. cxb5 axb5 14. Nb4 Rb6 15.
Rc1 e6 16. Ndc6 Bxc6 17. Nxc6 Qc7 18. b4 Na4 19. Bd4 d5 20. Bxb6 Nxb6 21. Nd4
Qd7 22. Rc5 Rb8 23. Nc6 Ra8 24. e4 Rxa2 25. exd5 Nfxd5 26. Bxd5 Nxd5 27. Qd3 h5
28. Rd1 h4 29. Nb8 Qd6 30. Rxb5 Ra8 31. Qc4 Rxb8 32. Rxb8+ Qxb8 33. b5 hxg3 34.
hxg3 Be5 35. Rd3 Bc7 36. Rf3 Qb6 37. Ra3 Kg7 38. Ra6 Qb8 39. Rc6 Bb6 40. Kg2
Qe5 41. Qd3 Qf6 42. Qd2 Qe5 43. Rc4 Nf6 44. Qb4 Qd5+ 45. Kf1 Qd1+ 46. Kg2 Qe2
47. Rc8 Qxf2+ 48. Kh3 Qf1+ 0-1

[Event "17. Obert Pobla de Lillet 2007"]
[Site "La Pobla de Lillet ESP"]
[Date "2007.08.08"]
[Round "7.3"]
[White "Kogan, Artur"]
[Black "Moser, Eva"]
[Result "1-0"]
[WhiteElo "2569"]
[BlackElo "2424"]
[PlyCount "59"]
[EventDate "2007.08.02"]
[EventType "swiss"]
[EventRounds "9"]
[EventCountry "ESP"]
[SourceTitle "Ajedrez en Madrid"]
[Source "lmi"]
[SourceDate "2007.08.02"]
[SourceVersion "1"]
[SourceVersionDate "2020.06.30"]
[SourceQuality "1"]

1. e4 e5 2. Nc3 Nf6 3. Nge2 d6 4. d4 exd4 5. Nxd4 Be7 6. Be2 O-O 7. O-O Re8 8.
f4 Bf8 9. Bf3 c5 10. Nb3 Nc6 11. g4 Nd4 12. Nxd4 cxd4 13. Qxd4 Nxg4 14. h3 Nf6
15. Kh2 g6 16. Be3 Bg7 17. Qd2 Be6 18. Rad1 Qd7 19. Bg2 Red8 20. Qf2 Nh5 21. e5
Qc8 22. exd6 Bxc3 23. bxc3 Qxc3 24. Bxb7 Rab8 25. Bf3 Rb5 26. a4 Ra5 27. Bd2
Qf6 28. Bxa5 Qxf4+ 29. Kh1 Ng3+ 30. Kg1 1-0

[Event "17. Obert Pobla de Lillet 2007"]
[Site "La Pobla de Lillet ESP"]
[Date "2007.08.08"]
[Round "7.4"]
[White "Guramishvili, Sopiko"]
[Black "Wohl, Aleksandar H"]
[Result "1/2-1/2"]
[WhiteElo "2273"]
[BlackElo "2423"]
[PlyCount "47"]
[EventDate "2007.08.02"]
[EventType "swiss"]
[EventRounds "9"]
[EventCountry "ESP"]
[SourceTitle "Ajedrez en Madrid"]
[Source "lmi"]
[SourceDate "2007.08.02"]
[SourceVersion "1"]
[SourceVersionDate "2020.06.30"]
[SourceQuality "1"]

1. d4 Nf6 2. c4 e6 3. Nc3 Bb4 4. Bg5 c5 5. d5 d6 6. e3 h6 7. Bh4 O-O 8. Bd3
Nbd7 9. dxe6 fxe6 10. Nge2 Ne5 11. O-O Bxc3 12. Nxc3 Bd7 13. f4 Nxd3 14. Qxd3
Bc6 15. Rad1 Qb6 16. Qe2 Qc7 17. e4 Rf7 18. Bxf6 Rxf6 19. Qd3 Qb6 20. Rf2 Re8
21. Qg3 Qc7 22. Rfd2 Qf7 23. Rf2 e5 24. fxe5 1/2-1/2